[Event "Prague Summer op-B 10th"]
[Site "Prague"]
[Date "2023.08.05"]
[Round "2"]
[White "Shtyntsov, Victor"]
[Black "Enkhjin, Otgonbayar"]
[Result "1/2-1/2"]
[WhiteElo "1819"]
[BlackElo "1508"]
[PlyCount "108"]
[EventDate "2023.08.04"]
[EventType "swiss"]
[EventRounds "9"]
[EventCountry "CZE"]
[SourceTitle "EXT 2024"]
[Source "ChessBase"]
[SourceDate "2023.10.10"]
[SourceVersion "1"]
[SourceVersionDate "2023.10.10"]
[SourceQuality "1"]

1. d4 Nf6 2. Nf3 g6 3. c4 Bg7 4. Nc3 c6 5. e3 d6 6. Bd3 Bg4 7. h3 Bxf3 8. Qxf3 Nbd7 9. Bd2 Qc7 10. 0-0 0-0 11. Rac1 h6 12. b4 a6 13. Qg3 Nh5 14. Qh2 Kh7 15. c5 f5 16. Be2 Nhf6 17. f4 Rad8 18. g4 dxc5 19. bxc5 Nxc5 20. gxf5 gxf5 21. Bc4 Nfe4 22. Be1 Nxc3 23. Bxc3 Ne4 24. Bd3 Nxc3 25. Rxc3 Rxd4 26. exd4 Bxd4+ 27. Kh1 Bxc3 28. Qc2 Bd4 29. Bxf5+ Kh8 30. Qe4 Bf6 31. Be6 Bg7 32. Qg6 Qd6 33. Rg1 Qd4 34. Bf5 Qd5+ 35. Be4 Qg8 36. f5 Rf6 37. Qg2 Qf7 38. Qd2 Rd6 39. Qg2 Bf6 40. Qg6 Qf8 41. Qg2 e6 42. Qc2 exf5 43. Bxf5 Bg5 44. Qb2+ Rf6 45. Rd1 Qc5 46. Rd8+ Kg7 47. Qxb7+ Rf7 48. Qb2+ Bf6 49. Qg2+ Bg5 50. Qb2+ Bf6 51. Qg2+ Bg5 52. Qb2+ Bf6 53. Qg2+ Bg5 54. Qb2+ Rf6 1/2-1/2